| 000 | 00704nam a22001337a 4500 | ||
|---|---|---|---|
| 040 | _cRUA | ||
| 082 | _aAGR IEN 2014 B431 Or.1 | ||
| 100 | _aIENG, RATHANA, អៀង រតនា | ||
| 245 | _aEffect of different fertilizer rates on growth and yield of chulsa and senpidor rice variety, ឥទ្ធិពលនៃកម្រិតជីគីមីខុសគ្នាទៅលើការលូតលាស់និងទិន្នផលពូជស្រូវជលសារ និងសែនពិដោរ | ||
| 260 |
_aPhnom Penh _bRUA _c2014 |
||
| 300 |
_aix; 39p. _bill. _c29cm. |
||
| 856 | _uhttps://drive.google.com/file/d/1PhoYKGEfXJ4QuZNIkfvCQxfxbbD4S8YB/view?usp=sharing | ||
| 942 | _cAGR | ||
| 999 |
_c7094 _d7094 |
||